[Event "Philadelphia International"]
[Site "Philadelphia, USA"]
[Date "2008.06.29"]
[Round "7"]
[White "Chan, James"]
[Black "Mohanty, Kiran Manisha"]
[Result "0-1"]
[WhiteElo "2044"]
[BlackElo "2316"]
[PlyCount "114"]
[EventDate "2008.??.??"]

1. d4 Nf6 2. Nf3 g6 3. g3 Bg7 4. Bg2 O-O 5. O-O d5 6. c4 c6 7. Nc3 dxc4 8. Nd2
Be6 9. e4 Nfd7 10. Nf3 Bg4 11. Be3 e5 12. d5 cxd5 13. Nxd5 Nc6 14. Qa4 Rc8 15.
Nd2 a6 16. f3 Be6 17. Qxc4 b5 18. Qd3 Nd4 19. Nb3 Nb6 20. Nxd4 exd4 21. Bxd4
Bxd4+ 22. Qxd4 Nxd5 23. exd5 Rc4 24. Qf2 Qxd5 25. Rad1 Qc6 26. f4 Qc7 27. Rd2
Rd8 28. Rxd8+ Qxd8 29. b3 Rd4 30. Re1 a5 31. h3 a4 32. bxa4 bxa4 33. Re2 a3 34.
g4 Rd1+ 35. Kh2 Qd4 36. Qxd4 Rxd4 37. Kg3 Kg7 38. Re3 Ra4 39. Re2 Rb4 40. Re3
Ra4 41. Re2 h5 42. Bf3 h4+ 43. Kxh4 Rxf4 44. Kg3 Rb4 45. Re3 Ra4 46. Re2 g5 47.
Rd2 Ra5 48. Be4 Kf6 49. Kf3 Ke5 50. Ke3 Ra4 51. Bh7 Bd5 52. Bd3 Rf4 53. h4 Rf3+
54. Ke2 Rh3 55. hxg5 Bxa2 56. g6 fxg6 57. Bxg6 Bc4+ 0-1

[Event "Philadelphia International"]
[Site "Philadelphia, USA"]
[Date "2008.06.30"]
[Round "8"]
[White "Mulyar, Michael A"]
[Black "Rathnakaran, K."]
[Result "1/2-1/2"]
[WhiteElo "2381"]
[BlackElo "2488"]
[PlyCount "114"]
[EventDate "2008.??.??"]

1. c4 g6 2. d4 Bg7 3. Nf3 d6 4. g3 Nf6 5. Bg2 O-O 6. O-O Nbd7 7. Nc3 e5 8. e4
exd4 9. Nxd4 Re8 10. h3 c6 11. Be3 Nc5 12. Qc2 Bd7 13. b4 Na6 14. Rab1 Qc8 15.
Kh2 Nxb4 16. Rxb4 c5 17. e5 dxe5 18. Bxb7 Qd8 19. Nc6 Bxc6 20. Bxa8 Qxa8 21.
Rbb1 Bf3 22. Nd5 Nxd5 23. cxd5 Qxd5 24. Qxc5 Qxa2 25. Qxa7 Qxa7 26. Bxa7 h5 27.
Rb8 Rxb8 28. Bxb8 e4 29. Bf4 Bh8 30. Be3 Be5 31. h4 Kg7 32. Rb1 Kf6 33. Kg1 Ke6
34. Rb6+ Kf5 35. Rb5 Ke6 36. Kf1 f6 37. Rb7 Kf5 38. Rg7 Bc3 39. Rg8 Be5 40. Rc8
Kg4 41. Rc5 Bd6 42. Rd5 Be5 43. Rb5 Bd1 44. Rd5 Bf3 45. Kg1 Kf5 46. Rc5 Kg4 47.
Kh2 Be2 48. Kg2 Bf3+ 49. Kh2 Bd1 50. Rc1 Bf3 51. Rc8 Kf5 52. Kg1 Bd6 53. Bd4 g5
54. Rc6 Be7 55. Rc7 Ke6 56. Be3 gxh4 57. gxh4 Bd6 {Game was drawn on move 82}
1/2-1/2

[Event "Philadelphia International"]
[Site "Philadelphia, USA"]
[Date "2008.06.30"]
[Round "8"]
[White "Battaglini, Gabriel"]
[Black "Galofre, Charles A"]
[Result "1-0"]
[WhiteElo "2356"]
[BlackElo "2318"]
[PlyCount "51"]
[EventDate "2008.??.??"]

1. d4 d5 2. c4 c6 3. Nc3 Nf6 4. cxd5 cxd5 5. Bf4 Nc6 6. e3 Bf5 7. Qb3 Na5 8.
Bb5+ Bd7 9. Qa4 e6 10. Bg5 Nc6 11. Nf3 a6 12. Bxc6 Bxc6 13. Qb3 Be7 14. Ne5 Rc8
15. O-O O-O 16. Rac1 b5 17. Bxf6 Bxf6 18. Nxc6 Rxc6 19. Nxd5 Rd6 20. Nxf6+ Qxf6
21. Rc5 Rfd8 22. Rfc1 g6 23. h3 Kg7 24. Qa3 R8d7 25. f4 Qh4 26. Kh2 1-0

[Event "Philadelphia International"]
[Site "Philadelphia, USA"]
[Date "2008.06.30"]
[Round "8"]
[White "Venkatesh, Marani"]
[Black "Kunte, Abhijit"]
[Result "1/2-1/2"]
[WhiteElo "2450"]
[BlackElo "2547"]
[PlyCount "30"]
[EventDate "2008.??.??"]

1. e4 c5 2. Nf3 e6 3. b3 d6 4. Bb2 a6 5. d4 cxd4 6. Nxd4 Nf6 7. Nc3 Be7 8. Bd3
O-O 9. Qd2 b5 10. O-O-O e5 11. Nde2 Nbd7 12. Kb1 Nc5 13. f4 Bg4 14. h3 Bxe2 15.
Nxe2 Qc7 1/2-1/2

[Event "Philadelphia International"]
[Site "Philadelphia, USA"]
[Date "2008.06.30"]
[Round "8"]
[White "Laxman, Rajaram"]
[Black "Yeager, Daniel A"]
[Result "1-0"]
[WhiteElo "2488"]
[BlackElo "2300"]
[PlyCount "29"]
[EventDate "2008.??.??"]

1. Nf3 c5 2. c4 Nc6 3. g3 g6 4. d4 cxd4 5. Nxd4 Bg7 6. Nc2 Nf6 7. Bg2 d6 8. Nc3
h5 9. h4 Ng4 10. O-O Bxc3 11. bxc3 Qa5 12. Nd4 Qxc3 13. Nxc6 Qxa1 14. Nxe7 Qxa2
15. Qxd6 1-0

[Event "Philadelphia International"]
[Site "Philadelphia, USA"]
[Date "2008.06.30"]
[Round "8"]
[White "Andrews, Todd D"]
[Black "Ramaswamy, Aarthie"]
[Result "1-0"]
[WhiteElo "2311"]
[BlackElo "2298"]
[PlyCount "129"]
[EventDate "2008.??.??"]

1. e4 c5 2. Nf3 Nc6 3. d4 cxd4 4. Nxd4 Nf6 5. Nc3 d6 6. Bc4 e6 7. Be3 a6 8. Qe2
Qc7 9. Bb3 Na5 10. O-O-O Nxb3+ 11. axb3 b5 12. f3 b4 13. Na4 Nd7 14. Qc4 Qxc4
15. bxc4 Bb7 16. Rhe1 Rc8 17. b3 Rb8 18. c3 bxc3 19. Kc2 Be7 20. Ra1 O-O 21.
Nxc3 Rbc8 22. Red1 Rfd8 23. Nde2 Ne5 24. Bb6 Re8 25. Nf4 Bg5 26. Nd3 Nd7 27.
Bd4 Be7 28. Ra5 Nb8 29. Bf2 Nc6 30. Ra4 Rb8 31. b4 Rec8 32. Kb3 Bf6 33. Nb2 Be5
34. g3 Ba8 35. f4 Nxb4 36. Rxb4 Rxb4+ 37. Kxb4 Rb8+ 38. Nb5 Bxb2 39. Ba7 axb5
40. Bxb8 bxc4 41. Bxd6 f6 42. Re1 c3 43. Kb3 f5 44. Bb4 Bxe4 45. Bxc3 Bxc3 46.
Kxc3 Kf7 47. Kd4 Kf6 48. h4 Bf3 49. Re3 Bd5 50. Kc5 h6 51. Kd6 Bc4 52. Rc3 Bd5
53. Rc8 Kf7 54. Ke5 Bb3 55. Rc7+ Kf8 56. Kd6 Bd5 57. Re7 Kg8 58. Rxe6 Bxe6 59.
Kxe6 Kf8 60. Kxf5 Kf7 61. g4 g6+ 62. Ke5 Ke7 63. h5 gxh5 64. gxh5 Kf7 65. Kf5
1-0

[Event "Philadelphia International"]
[Site "Philadelphia, USA"]
[Date "2008.06.30"]
[Round "8"]
[White "Mackinnon, Keith"]
[Black "Melekhina, Alisa"]
[Result "1/2-1/2"]
[WhiteElo "2029"]
[BlackElo "2208"]
[PlyCount "71"]
[EventDate "2008.??.??"]

1. e4 e5 2. Nf3 Nc6 3. Bb5 a6 4. Bxc6 dxc6 5. O-O Bg4 6. h3 h5 7. d3 Qf6 8.
Nbd2 Ne7 9. Re1 Ng6 10. d4 Bd6 11. hxg4 hxg4 12. Nh2 Rxh2 13. Qxg4 Qh4 14. Qxh4
Rxh4 15. Nf3 Rh5 16. Be3 O-O-O 17. g3 f6 18. Kg2 exd4 19. Bxd4 Be5 20. c3 Bxd4
21. cxd4 c5 22. d5 Re8 23. Re3 Reh8 24. Rae1 Ne7 25. Rc1 b6 26. b4 f5 27. bxc5
bxc5 28. exf5 Nxf5 29. Re5 Nd4 30. Rxc5 Nxf3 31. Rxh5 Ne1+ 32. Kf1 Rxh5 33.
Kxe1 Kb7 34. g4 Re5+ 35. Kf1 g5 36. Kg2 1/2-1/2

[Event "Philadelphia International"]
[Site "Philadelphia, USA"]
[Date "2008.06.30"]
[Round "9"]
[White "Battaglini, Gabriel"]
[Black "Prasad, Arun"]
[Result "1/2-1/2"]
[WhiteElo "2356"]
[BlackElo "2465"]
[PlyCount "35"]
[EventDate "2008.??.??"]

1. d4 d5 2. c4 c6 3. Nc3 Nf6 4. cxd5 cxd5 5. Bf4 a6 6. g3 e6 7. Bh3 Bd6 8. Bxd6
Qxd6 9. f4 Nbd7 10. Nf3 b5 11. O-O Bb7 12. Ne5 O-O 13. g4 Ne4 14. Nxd7 Qxd7 15.
Nxe4 dxe4 16. Bg2 Bd5 17. Qd2 Rfc8 18. Rfc1 1/2-1/2

[Event "Philadelphia International"]
[Site "Philadelphia, USA"]
[Date "2008.06.30"]
[Round "9"]
[White "Gopal, G N."]
[Black "Rathnakaran, K."]
[Result "1/2-1/2"]
[WhiteElo "2562"]
[BlackElo "2488"]
[PlyCount "58"]
[EventDate "2008.??.??"]

1. e4 e6 2. d4 c5 3. Nf3 d5 4. exd5 exd5 5. Bb5+ Bd7 6. Bxd7+ Nxd7 7. O-O Bd6
8. Nc3 Ne7 9. dxc5 Nxc5 10. Kh1 Bc7 11. Be3 Ne6 12. Qd3 Ba5 13. Qb5+ Kf8 14.
Qxb7 Bb6 15. Rad1 Rb8 16. Bxb6 axb6 17. Qa6 b5 18. Nxb5 Nc5 19. Qd6 Qxd6 20.
Nxd6 g6 21. c4 Rxb2 22. cxd5 Rxa2 23. Ne5 f6 24. Nc6 Ra6 25. Ra1 Nxd5 26. Rxa6
Nxa6 27. Rb1 Rg8 28. Rb5 Ndc7 29. Rb7 Rg7 1/2-1/2

[Event "Philadelphia International"]
[Site "Philadelphia, USA"]
[Date "2008.06.30"]
[Round "9"]
[White "Kunte, Abhijit"]
[Black "Andrews, Todd D"]
[Result "1-0"]
[WhiteElo "2547"]
[BlackElo "2311"]
[PlyCount "55"]
[EventDate "2008.??.??"]

1. d4 Nf6 2. Nf3 c5 3. d5 d6 4. Nc3 g6 5. g3 Bg7 6. Bg2 O-O 7. O-O Na6 8. h3
Nc7 9. a4 Rb8 10. e4 Nd7 11. Re1 a6 12. a5 b5 13. axb6 Nxb6 14. Ra2 Nb5 15. Na4
Nc4 16. Nd2 g5 17. Bf1 Ne5 18. Nf3 h6 19. Nxe5 Bxe5 20. c3 e6 21. Bg2 exd5 22.
exd5 Bf5 23. Nxc5 Bxc3 24. bxc3 Nxc3 25. Qf3 Nxa2 26. Qxf5 Nxc1 27. Be4 Kg7 28.
Nd7 1-0